Философия математики и технических наук: учебное пособие для вузов

Detalles Bibliográficos
Otros Autores: Лебедев С. А. Сергей Александрович (редактор)
Sumario:В учебном пособии анализируются современные философские проблемы математики, информатики, технических наук и логики. Книга написана профессорами МГУ им. М.В. Ломоносова и других российских вузов. В пособии раскрываются предмет, структура и закономерности математики, информатики, технических и технологических наук, их взаимосвязь с философией, эксплицируются философские основания этих областей знания и предлагаются решения их актуальных философских проблем. Учебное пособие адресовано прежде всего аспирантам технических и математических специальностей для подготовки к сдаче кандидатского минимума по истории и философии науки, а также студентам, преподавателям, научным сотрудникам, всем, кто интересуется современными проблемами философии науки.
Lenguaje:ruso
Publicado: Москва, Академический проект, 2006
Colección:Gaudeamus
Materias:
Formato: Libro
KOHA link:https://koha.lib.tpu.ru/cgi-bin/koha/opac-detail.pl?biblionumber=110828

MARC

LEADER 00000nam0a2200000 4500
001 110828
005 20231101214946.0
010 |a 5829107481 
035 |a (RuTPU)RU\TPU\book\119688 
090 |a 110828 
100 |a 20070301d2006 m y0rusy50 ca 
101 0 |a rus 
102 |a RU 
105 |a y j 000zy 
200 1 |a Философия математики и технических наук  |e учебное пособие для вузов  |f под ред. С. А. Лебедева 
210 |a Москва  |c Академический проект  |d 2006 
215 |a 779 с. 
225 1 |a Gaudeamus 
330 |a В учебном пособии анализируются современные философские проблемы математики, информатики, технических наук и логики. Книга написана профессорами МГУ им. М.В. Ломоносова и других российских вузов. В пособии раскрываются предмет, структура и закономерности математики, информатики, технических и технологических наук, их взаимосвязь с философией, эксплицируются философские основания этих областей знания и предлагаются решения их актуальных философских проблем. Учебное пособие адресовано прежде всего аспирантам технических и математических специальностей для подготовки к сдаче кандидатского минимума по истории и философии науки, а также студентам, преподавателям, научным сотрудникам, всем, кто интересуется современными проблемами философии науки. 
606 1 |a Технические науки  |x Философия  |2 stltpush  |3 (RuTPU)RU\TPU\subj\60068  |9 77558 
610 1 |a философия 
610 1 |a наука 
610 1 |a математика 
610 1 |a техника 
610 1 |a технические науки 
610 1 |a информатика 
610 1 |a теория вероятностей 
610 1 |a прикладная математика 
610 1 |a технологии 
610 1 |a биотехнологии 
610 1 |a учебники 
686 |a Ю252я73  |v LBC/SL-A  |2 rubbk 
702 1 |a Лебедев  |b С. А.  |g Сергей Александрович  |4 340 
801 1 |a RU  |b 63413507  |c 20070301  |g PSBO 
801 2 |a RU  |b 63413507  |c 20150616  |g PSBO 
900 |a Философские проблемы естественных, гуманитарных и технических наук 
900 |a Философия науки 
942 |c BK 
951 |a 550000 
959 |a 25/20070301  |d 1  |e 272,47  |f ЧЗГЛ:1 
959 |a 18/20090203  |d 1  |e 294,00  |f АНЛ:1